Best-Selling Sodas - Statistics

General Stats
  • This quiz has been taken 276 times
  • The average score is 7 of 10
Answer Stats
Hint Answer % Correct
1 Coca-Cola
99%
3 Pepsi-Cola
96%
6 Sprite
86%
5 Dr. Pepper
79%
10 Fanta
75%
4 Mountain Dew
74%
2 Diet Coke
65%
7 Diet Pepsi
54%
9 Diet Dr. Pepper
37%
8 Diet Mountain Dew
34%
No matching quizzes found
Score Distribution
Percent of People with Each Score
Percentile by Number Answered
Your Score History
You have not taken this quiz